miasta w Polsce na literę Ż - Statystyki

Ogólne statystyki
  • Ten quiz został rozwiązany 52 razy
  • Średni wynik to 8 z 16
Statystyki odpowiedzi
województwo miasto % Poprawnych
śląskie Żory
83%
lubuskie Żagań
79%
mazowieckie Żyrardów
79%
lubuskie Żary
72%
kujawsko - pomorskie Żnin
57%
śląskie Żywiec
53%
łódzkie Żarnów
40%
dolnośląskie Żarów
40%
pomorskie Żukowo
38%
łódzkie Żychlin
38%
małopolskie Żabno
36%
mazowieckie Żuromin
36%
śląskie Żarki
32%
mazowieckie Żelechów
32%
dolnośląskie Żmigród
30%
wielkopolskie Żerków
28%
Nie znaleziono quizów pasujących do podanych kryteriów
Rozkład punktacji
Procent ludzi z każdym wynikiem
Percentyl według liczby udzielonych odpowiedzi
Twoja historia wyników
Nie rozwiązałeś tego quizu